Overwatch - Maps - Statistiques

Statistiques générales
  • Ce quiz a été pris 307 fois
    63 depuis la dernière actualisation
  • Le résultat moyen est 21 sur 52
Statistiques - réponses
Pays Différentes zones Type de match Nom de la map % Correct
Gibraltar 🇬🇮 X Escorte Observatoire Gibraltar
74%
Samoa 🇼🇸 Volcan, Plage tropicale, Ville Luisante Contrôle Samoa
72%
Australie 🇦🇺 X Escorte Junkertown
70%
Royaume-Uni 🇬🇧 X Hybride : Attaque/Escorte, Combat à Mort, Combat à Mort par Équipe King’s Row
67%
États-Unis 🇺🇸 X Escorte Route 66
67%
France 🇫🇷 X Attaque Paris
65%
Égypte 🇪🇬 X Attaque Temple d’Anubis
65%
Égypte 🇪🇬 X Clash, Stadium 🏆 : Clash Trône d’Anubis
65%
Nepal 🇳🇵 Village, Temple, Sanctuaire Contrôle, Capture de Drapeau Népal
63%
Chine 🇨🇳 Centre de Contrôle, Jardin, Marché de nuit Contrôle, Capture de Drapeau Tour de Lijiang
61%
Mexique 🇲🇽 X Escorte, Combat à Mort, Combat à Mort par Équipe Dorado
59%
Grèce 🇬🇷 Phare, Ruines, Puit Contrôle, Capture de Drapeau, Stadium 🏆 : Contrôle Ilios
59%
Corée du Sud 🇰🇷 Centre-ville, Sanctuaire, Base des MEKA Contrôle Busan
57%
Allemagne 🇩🇪 X Hybride : Attaque/Escorte, Combat à Mort, Combat à Mort par Équipe Eichenwalde
57%
Japon 🇯🇵 X Attaque Hanamura
57%
Italie 🇮🇹 X Avancée de Robot, Stadium 🏆 : Avancée de Robot Colosseo
54%
Cuba 🇨🇺 X Escorte La Havane
54%
Monaco 🇲🇨 X Escorte Circuit Royal
50%
Nigeria 🇳🇬 X Hybride : Attaque/Escorte Numbani
50%
Brésil 🇧🇷 X Hybride : Attaque/Escorte Paraíso
50%
Italie 🇮🇹 X Escorte Rialto
50%
Russie 🇷🇺 X Attaque Usine Volskaya
50%
Antartique X Élimination, Combat à Mort par Équipe Écolab : Antartique
48%
États-Unis 🇺🇸 X Hybride : Attaque/Escorte, Combat à Mort, Combat à Mort par Équipe Hollywood
48%
Irak 🇮🇶 Jardins, Université, Centre-ville Contrôle, Capture de Drapeau Oasis
48%
Népal 🇳🇵 X Escorte Monastère Shambali
46%
Lune 🌑 X Attaque Colonie Lunaire Horizon
43%
Antartique Brise-Glace, Labos, Sous-niveau Contrôle Péninsule Antartique
43%
Inde 🇮🇳 X Points Chauds Suravasa
43%
France 🇫🇷 X Combat à Mort, Combat à Mort par Équipe Château Guillard
41%
Australie 🇦🇺 X Points Chauds New Junk City
41%
Canada 🇨🇦 X Avancée de Robot New Queen Street
41%
Maroc 🇲🇦 X Points Chauds Aatlis
39%
États-Unis 🇺🇸 X Hybride : Attaque/Escorte Midtown
39%
Portugal 🇵🇹 X Avancée de Robot Esperança
37%
Pérou 🇵🇪 X Avancée de Robot Runasapi
35%
États-Unis 🇺🇸 X Hybride : Attaque/Escorte Blizzard World
33%
Japon 🇯🇵 X Clash, Stadium 🏆 : Clash Hanaoka
26%
Allemagne 🇩🇪 X Elimination, Combat à Mort par Équipe Forêt Noire
24%
Japon 🇯🇵 X Combat à Mort, Combat à Mort par Équipe Kanezaka
24%
Égypte 🇪🇬 X Combat à Mort, Combat à Mort par Équipe Petra
17%
Mexique 🇲🇽 X Élimination, Combat à Mort par Équipe Castillo
15%
Égypte 🇪🇬 X Élimination, Combat à Mort par Équipe Nécropole
13%
Thaïlande 🇹🇭 X Capture de Drapeau Ayutthaya
11%
Italie 🇮🇹 X Combat à Mort, Combat à Mort par Équipe Malevento
9%
X X Stadium 🏆 : Avancée de Robot Barrage Redwood
2%
Royaume-Uni X Stadium 🏆 : Course de Payload District de la Tamise
2%
France 🇫🇷 X Stadium 🏆 : Avancée de Robot Place Lacroix
2%
Italie 🇮🇹 X Stadium 🏆 : Contrôle Arena Victoriae
0%
Corée du Sud 🇰🇷 X Stadium 🏆 : Contrôle Gogadoro
0%
États-Unis 🇺🇸 X Stadium 🏆 : Course de Payload Power Keg Mine
0%
Chine 🇨🇳 X Stadium 🏆 : Contrôle Université Wuxing
0%
Aucun quiz correspondant
Distribution des résultats
% des personnes avec chaque résultat
Percentile par nombre de réponses
Votre historique - résultats
Vous n’avez pas pris ce quiz depuis la dernière actualisation